LDR 00932naa#a2200181#i#450# 001 RU\\bibl\121199 005 20260513085320.3 011 ## _a2409-1073 100 ## _a20141121b2014####ek#y0rusy0150####ca 101 0# _aRUS 102 ## _aRU 200 1# _aК вопросу о понятии карьеры в исторической перспективе _eЖурнальная статья 210 1# _aМосква _cФедеральное государственное автономное образовательное учреждение высшего образования Национальный исследовательский университет "Московский институт электронной техники" _d2014 215 ## _a6 с. 608 ## _aЖурнальная статья _2local 675 ## _a. 331.1(091) _zRUS 700 #1 _aКолпакова _gСветлана Петровна 856 4# _aesgi-journal.ru _u